000
00287nam a22001337a 4500
020
_a
978-1-84205-674-5
082
_a
827
_b
GRO/S
100
_a
GROSSET
245
_a
SERIOUSLY SILLY JOKS
260
_a
SCOTLAND
_b
GEDDES & GROSSET
_c
2011
520
_a
JOKES
650
_a
JOKES
942
_c
BK
999
_c
5871
_d
5871